Tiêu chuẩn kỹ thuật công trình giao thông đường bộ.

Na minha lista:
Detalhes bibliográficos
Formato: Livro
Idioma:Undetermined
Publicado em: Hà Nội Giao Thông Vận Tải 1998
Assuntos:
Tags: Adicionar Tag
Sem tags, seja o primeiro a adicionar uma tag!
Thư viện lưu trữ: Trung tâm Học liệu Trường Đại học Cần Thơ
LEADER 00526nam a2200157Ia 4500
001 CTU_23086
008 210402s9999 xx 000 0 und d
082 |a 625.70218 
082 |b T309/T1 
245 0 |a Tiêu chuẩn kỹ thuật công trình giao thông đường bộ. 
245 0 |c Bộ Giao Thông Vận Tải 
260 |a Hà Nội 
260 |b Giao Thông Vận Tải 
260 |c 1998 
650 |a civil engineering,roads - materials 
980 |a Trung tâm Học liệu Trường Đại học Cần Thơ